000 01281nam2a2200241 4500
001 rc\2887640
005 20260531084756.0
035 _a(NLR Aleph) 007212515
090 _a13631242
_c13631242
100 _a20110722d1930 u y0rusy50 ca
101 0 _arus
102 _aRU
105 _ay z |||||
200 1 _aСолдаты и матросы в восстании декабристов
210 _d1930
461 0 _1001rc\2887637
_12001#$aНаучно-популярная библиотека по истории революционного движения в очерках, воспоминаниях и биографиях 1930 г.$v№ 3 (29)
_97673059
_cМосква
_d1930
_nизд-во Всесоюз. о-ва политкаторжан и ссыльно-поселенцев
_o№ 1 (27)-
_tНаучно-популярная библиотека по истории революционного движения в очерках, воспоминаниях и биографиях 1930 г.
_v№ 3 (29)
700 1 _7ca
_8rus
_aГессен
_bС. Я.
_f1903-1937
_gСергей Яковлевич
_3RU\NLR\AUTH\770201683
_9201632
801 0 _aRU
_bNLR
_gpsbo
801 1 _aRU
_bELAR
_2rusmarc
852 _aNLR
_j30-8/8733
942 _cUNSPEC
980 _aNB